Statistics for Top 100 Biggest Cities in Virginia

Click here to take the quiz!

General Stats

  • This quiz has been taken 68 times
  • The average score is 28 of 100

Answer Stats

Population City % Correct
437,994Virginia Beach
100%
204,214Richmond
100%
242,803Norfolk
96%
139,966Alexandria
94%
97,032Roanoke
90%
207,627Arlington
85%
43,475Charlottesville
85%
180,719Newport News
83%
242,803Chesapeake
81%
75,568Lynchburg
77%
48,914Harrisonburg
73%
137,436Hampton
73%
42,620Blacksburg
73%
14,068Williamsburg
73%
84,585Suffolk
69%
43,055Danville
69%
95,535Portsmouth
67%
22,565Fairfax
63%
24,286Fredericksburg
63%
26,203Winchester
62%
17,835Bristol
56%
32,420Petersburg
54%
42,616Leesburg
52%
23,746Staunton
50%
58,404Reston
46%
12,332Falls Church
46%
16,408Radford
40%
16,379Culpeper
38%
20,987Chester
37%
21,006Waynesboro
37%
24,802Salem
37%
15,687Vienna
37%
21,041Christiansburg
37%
30,484Springfield
35%
22,591Hopewell
35%
71,135Centreville
33%
17,411Colonial Heights
29%
13,821Martinsville
29%
41,008Annandale
29%
43,511Ashburn
27%
19,627Tysons Corner
27%
48,115McLean
27%
23,039Chantilly
25%
36,348Mechanicsville
23%
23,292Herndon
23%
14,440Front Royal
19%
18,610Lorton
17%
27,822Sterling
17%
65,969Dale City
17%
14,774Glen Allen
15%
41,055Burke
15%
24,729Short Pump
15%
12,150Poquoson
13%
34,166Oakton
13%
12,416Mount Vernon
13%
37,821Manasass
10%
15,711Highland Springs
10%
15,212Merrifield
10%
24,922Cave Spring
8%
18,245Franconia
8%
15,427Great Falls
8%
12,943Newington
6%
16,366Bon Air
6%
44,990Tuckahoe
6%
16,713Laurel
6%
14,673Hollins
6%
22,460West Springfield
4%
14,796East Highland Park
4%
14,598Groveton
4%
16,131Wolf Trap
4%
12,183Timberlake
4%
29,207West Falls Church
4%
35,036Marumsco
2%
35,725Linton Hall
2%
23,643Bailey's Crossroads
2%
22,855Lincolnia
2%
14,273Manasass Park
2%
17,326Burke Centre
2%
20,804Woodlawn
2%
41,058Lake Ridge
2%
15,801Hybla Valley
2%
12,313Broadlands
0%
13,390Kings Park West
0%
13,173Brandermill
0%
12,442Newington Forest
0%
30,223Fair Oaks
0%
14,983Bull Run
0%
15,556Kingstowne
0%
16,000Cherry Hill
0%
16,045Fort Hunt
0%
16,203Sudley
0%
16,293Buckhall
0%
17,288Idylwood
0%
17,513McNair
0%
18,312Meadowbrook
0%
19,288Franklin Farm
0%
19,570Montclair
0%
20,226Rose Hill
0%
24,256South Riding
0%
12,068Neabsco
0%

Score Distribution

Percentile by Number Answered

Percent of People with Each Score

Your Score History

You have not taken this quiz